Переписка с учреждениями и отдельными лицами о состоянии животноводства, земледелия и по другим вопросам сельского хозяйства

Доступно только в Электронных читальных залах Найти на картеНа карте
RUSMARC
00004349nac2a22003011x 450
001847b0987-1fad-4907-9fe5-2859f052d8ff
00520160401210413.0
100##$a20160113l19201920k y0rusy50 ca
1010#$arus
102##$aRU
105##$ay z |||e|
1222#$ad19200109
$ad19201231
2001#$aПереписка с учреждениями и отдельными лицами о состоянии животноводства, земледелия и по другим вопросам сельского хозяйства
$j9 января - 31 декабря 1920
215##$a433 листа
251##$cДело
300##$aЗаголовок дела на папке: Переписка с учреждениями и отдельными лицами по животноводству, земледелию и по другим вопросам сельского хозяйства
300##$aВ деле имеются телеграммы
300##$aЛисты: 50, 76, 77, 104 - малоконтрастные и трудночитаемые; 6, 185 - поврежденные; 8 - красные чернила
300##$aРукописный и машинописный текст
324##$aВ деле имеются копии отдельных документов
330##$aВходит в раздел описи: II. Канцелярия. А. Переписка с Наркоматами и другими учреждениями. 17. Народный Комиссариаты Земледелия
461#0$1001ad6baeac-e292-4829-90d1-2f4f65796a62
$12001
$aСОВЕТ НАРОДНЫХ КОМИССАРОВ РСФСР (СНК РСФСР)
$1251
$cФонд
$1852
$j130
$gР
462#0$10017393eac8-aea5-4181-b014-0a5beab45138
$12001
$a1920 г.
$vД. 314
$1251
$cОпись
$1852
$j4
5171#$aПереписка с учреждениями и отдельными лицами по животноводству, земледелию и по другим вопросам сельского хозяйства
60101$3RU\NLR\AUTH\661074810
$aРСФСР
$bСовет Народных Комиссаров
801#0$aRU
$bGA_RF
801#1$aRU
$bНПО Опыт
$c20160113
$2rusmarc
801#2$aRU
$bПБ им. Б.Н. Ельцина
$c20160401
$gRCR
$2rusmarc
852##$aГА РФ
$j314
937##$d69832061
$hПБ
035##$aRuPRLIB51036096
Формат отображения